[Event "Villarobledo Online Qualifyer"]
[Site "playchess.com #155672"]
[Date "2009.05.23"]
[Round "8"]
[White "Too Easy"]
[Black "Dellacasa"]
[Result "1-0"]
[WhiteElo "1588"]
[BlackElo "1398"]
[PlyCount "57"]
[EventDate "2009.05.23"]
[EventType "swiss (blitz)"]

1. e4 {[%emt 0:00:01]} c6 {[%emt 0:00:02]} 2. Nc3 {[%emt 0:00:04]} d5 {[%emt 0:
00:01]} 3. Nf3 {[%emt 0:00:01]} Bg4 {[%emt 0:00:03]} 4. exd5 {[%emt 0:00:06]}
cxd5 {[%emt 0:00:01]} 5. d4 {[%emt 0:00:01]} Nf6 {[%emt 0:00:05]} 6. Be2 {
[%emt 0:00:01]} Nc6 {[%emt 0:00:02]} 7. O-O {[%emt 0:00:00]} e6 {[%emt 0:00:03]
} 8. h3 {[%emt 0:00:01]} Bh5 {[%emt 0:00:01]} 9. Bg5 {[%emt 0:00:04]} Be7 {
[%emt 0:00:02]} 10. Ne5 {[%emt 0:00:03]} Nxe5 {[%emt 0:00:06]} 11. Bxh5 {[%emt
0:00:05]} Nxh5 {[%emt 0:00:05]} 12. Bxe7 {[%emt 0:00:01]} Qxe7 {[%emt 0:00:09]}
13. dxe5 {[%emt 0:00:09]} Nf4 {[%emt 0:00:23]} 14. Nb5 {[%emt 0:00:02]} a6 {
[%emt 0:00:05]} 15. Nd6+ {[%emt 0:00:02]} Kd8 {[%emt 0:00:13]} 16. Qf3 {[%emt
0:00:06]} g5 {[%emt 0:00:15]} 17. Kh2 {[%emt 0:00:10]} Rf8 {[%emt 0:00:12]} 18.
g3 {[%emt 0:00:01]} Ng6 {[%emt 0:00:06]} 19. Qe3 {[%emt 0:00:02]} Qc7 {[%emt 0:
00:19]} 20. Qxg5+ {[%emt 0:00:06]} Kd7 {[%emt 0:00:09]} 21. Qe3 {[%emt 0:00:15]
} Qxc2 {[%emt 0:00:07]} 22. Rfc1 {[%emt 0:00:12]} Qf5 {[%emt 0:00:03]} 23. f4 {
[%emt 0:00:05]} Ne7 {[%emt 0:00:21]} 24. Qb6 {[%emt 0:00:02]} Rac8 {[%emt 0:00:
15]} 25. Qxb7+ {[%emt 0:00:07]} Kd8 {[%emt 0:00:11]} 26. Rxc8+ {[%emt 0:00:03]}
Nxc8 {[%emt 0:00:02]} 27. Qxc8+ {[%emt 0:00:03]} Ke7 {[%emt 0:00:02]} 28. Qxf8+
{[%emt 0:00:02]} Kxf8 {[%emt 0:00:02]} 29. Nxf5 {[%emt 0:00:01] Dellacasa rinde
} 1-0

[Event "Villarobledo Online Qualifyer"]
[Site "playchess.com #155672"]
[Date "2009.05.23"]
[Round "8"]
[White "Acedrex"]
[Black "Novoselski"]
[Result "0-1"]
[WhiteElo "2112"]
[BlackElo "2499"]
[PlyCount "72"]
[EventDate "2009.05.23"]
[EventType "swiss (blitz)"]

1. e4 {[%emt 0:00:08]} b6 {[%emt 0:00:01]} 2. d4 {[%emt 0:00:02]} Bb7 {[%emt 0:
00:00]} 3. Bd3 {[%emt 0:00:00]} e6 {[%emt 0:00:00]} 4. Nf3 {[%emt 0:00:02]} c5
{[%emt 0:00:01]} 5. dxc5 {[%emt 0:00:02]} bxc5 {[%emt 0:00:04]} 6. O-O {[%emt
0:00:02]} d6 {[%emt 0:00:02]} 7. Qe2 {[%emt 0:00:02]} Nc6 {[%emt 0:00:03]} 8.
b3 {[%emt 0:00:09]} e5 {[%emt 0:00:04]} 9. Nc3 {[%emt 0:00:03]} Nge7 {[%emt 0:
00:13]} 10. Nd5 {[%emt 0:00:02]} Ng6 {[%emt 0:00:06]} 11. Bg5 {[%emt 0:00:16]}
Be7 {[%emt 0:00:12]} 12. Bxe7 {[%emt 0:00:04]} Ngxe7 {[%emt 0:00:07]} 13. Nxe7
{[%emt 0:00:12]} Qxe7 {[%emt 0:00:02]} 14. Bb5 {[%emt 0:00:01]} O-O {[%emt 0:
00:03]} 15. Bxc6 {[%emt 0:00:01]} Bxc6 {[%emt 0:00:00]} 16. Rfd1 {[%emt 0:00:
03]} f5 {[%emt 0:00:08]} 17. exf5 {[%emt 0:00:08]} Rxf5 {[%emt 0:00:01]} 18.
Ne1 {[%emt 0:00:04]} Raf8 {[%emt 0:00:04]} 19. f3 {[%emt 0:00:01]} d5 {[%emt 0:
00:14]} 20. Nd3 {[%emt 0:00:03]} e4 {[%emt 0:00:12]} 21. fxe4 {[%emt 0:00:06]}
dxe4 {[%emt 0:00:02]} 22. Nb2 {[%emt 0:00:03]} e3 {[%emt 0:00:10]} 23. Nd3 {
[%emt 0:00:09]} Qe4 {[%emt 0:00:07]} 24. Rf1 {[%emt 0:00:08]} Rf2 {[%emt 0:00:
08]} 25. Rxf2 {[%emt 0:00:50]} exf2+ {[%emt 0:00:03]} 26. Qxf2 {[%emt 0:00:10]}
Rxf2 {[%emt 0:00:03]} 27. Kxf2 {[%emt 0:00:01]} Qxg2+ {[%emt 0:00:03]} 28. Ke3
{[%emt 0:00:03]} Qe4+ {[%emt 0:00:06]} 29. Kd2 {[%emt 0:00:01]} c4 {[%emt 0:00:
05]} 30. bxc4 {[%emt 0:00:01]} Qxc4 {[%emt 0:00:01]} 31. Rb1 {[%emt 0:00:01]}
Qxa2 {[%emt 0:00:04]} 32. Rb8+ {[%emt 0:00:01]} Kf7 {[%emt 0:00:01]} 33. Rc8 {
[%emt 0:00:01]} Be4 {[%emt 0:00:07]} 34. Rc7+ {[%emt 0:00:02]} Kf6 {[%emt 0:00:
01]} 35. Rc3 {[%emt 0:00:04]} Bxd3 {[%emt 0:00:02]} 36. Rxd3 {[%emt 0:00:01]}
Qa5+ {[%emt 0:00:02] Acedrex rinde} 0-1

[Event "Villarobledo Online Qualifyer"]
[Site "playchess.com #155672"]
[Date "2009.05.23"]
[Round "8"]
[White "Senad_tesanj"]
[Black "drift"]
[Result "0-1"]
[WhiteElo "1644"]
[BlackElo "1815"]
[PlyCount "60"]
[EventDate "2009.05.23"]
[EventType "swiss (blitz)"]

1. e4 {[%emt 0:00:02]} c5 {[%emt 0:00:03]} 2. Nf3 {[%emt 0:00:02]} d6 {[%emt 0:
00:01]} 3. d4 {[%emt 0:00:01]} cxd4 {[%emt 0:00:01]} 4. Nxd4 {[%emt 0:00:01]}
Nf6 {[%emt 0:00:02]} 5. f3 {[%emt 0:00:04]} g6 {[%emt 0:00:02]} 6. Bd3 {[%emt
0:00:10]} Bg7 {[%emt 0:00:02]} 7. c3 {[%emt 0:00:01]} O-O {[%emt 0:00:07]} 8.
O-O {[%emt 0:00:01]} Nc6 {[%emt 0:00:01]} 9. Be3 {[%emt 0:00:07]} Nxd4 {[%emt
0:00:01]} 10. Bxd4 {[%emt 0:00:02]} Bd7 {[%emt 0:00:01]} 11. Nd2 {[%emt 0:00:
04]} a6 {[%emt 0:00:01]} 12. a4 {[%emt 0:00:03]} Rc8 {[%emt 0:00:01]} 13. Rc1 {
[%emt 0:00:02]} Qa5 {[%emt 0:00:05]} 14. Kh1 {[%emt 0:00:03]} Qxa4 {[%emt 0:00:
03]} 15. b3 {[%emt 0:00:15]} Qc6 {[%emt 0:00:09]} 16. Qe2 {[%emt 0:00:08]} Nh5
{[%emt 0:00:03]} 17. Qe3 {[%emt 0:00:18]} Bxd4 {[%emt 0:00:06]} 18. cxd4 {
[%emt 0:00:03]} Qxc1 {[%emt 0:00:02]} 19. Rxc1 {[%emt 0:00:02]} Rxc1+ {[%emt 0:
00:01]} 20. Nf1 {[%emt 0:00:01]} Rfc8 {[%emt 0:00:05]} 21. g4 {[%emt 0:00:15]}
Nf6 {[%emt 0:00:05]} 22. Kg2 {[%emt 0:00:06]} R8c3 {[%emt 0:00:01]} 23. Kg3 {
[%emt 0:00:23]} Bb5 {[%emt 0:00:02]} 24. Qf4 {[%emt 0:00:25]} Bxd3 {[%emt 0:00:
04]} 25. Nd2 {[%emt 0:00:06]} Be2 {[%emt 0:00:20]} 26. h4 {[%emt 0:00:10]} Bxf3
{[%emt 0:00:08]} 27. Kf2 {[%emt 0:00:27]} R1c2 {[%emt 0:00:07]} 28. h5 {[%emt
0:00:17]} Nxe4+ {[%emt 0:00:05]} 29. Kg1 {[%emt 0:00:13]} Rxd2 {[%emt 0:00:08]
'} 30. h6 {[%emt 0:00:02]} Rc1# {[%emt 0:00:02]} 0-1

[Event "Villarobledo Online Qualifyer"]
[Site "playchess.com #155672"]
[Date "2009.05.23"]
[Round "8"]
[White "MateJaque"]
[Black "Kakaku"]
[Result "1-0"]
[WhiteElo "2153"]
[BlackElo "1871"]
[PlyCount "55"]
[EventDate "2009.05.23"]
[EventType "swiss (blitz)"]

1. e4 {[%emt 0:00:02]} c6 {[%emt 0:00:01]} 2. d4 {[%emt 0:00:02]} d5 {[%emt 0:
00:01]} 3. f3 {[%emt 0:00:00]} dxe4 {[%emt 0:00:11]} 4. fxe4 {[%emt 0:00:01]}
e5 {[%emt 0:00:01]} 5. Nf3 {[%emt 0:00:01]} exd4 {[%emt 0:00:02]} 6. Bc4 {
[%emt 0:00:01]} Be7 {[%emt 0:00:20]} 7. e5 {[%emt 0:00:10]} Be6 {[%emt 0:00:39]
} 8. Bxe6 {[%emt 0:00:06]} fxe6 {[%emt 0:00:04]} 9. Qxd4 {[%emt 0:00:15]} Qxd4
{[%emt 0:00:40]} 10. Nxd4 {[%emt 0:00:01]} Kd7 {[%emt 0:00:04]} 11. Nc3 {[%emt
0:00:04]} Bc5 {[%emt 0:00:07]} 12. Be3 {[%emt 0:00:07]} Bxd4 {[%emt 0:00:14]}
13. Bxd4 {[%emt 0:00:05]} b6 {[%emt 0:00:02]} 14. O-O {[%emt 0:00:11]} Ke7 {
[%emt 0:00:03]} 15. Be3 {[%emt 0:00:06]} h6 {[%emt 0:00:03]} 16. Rad1 {[%emt 0:
00:23]} Nd7 {[%emt 0:00:03]} 17. Bf4 {[%emt 0:00:06]} g5 {[%emt 0:00:10]} 18.
Bg3 {[%emt 0:00:02]} Rh7 {[%emt 0:00:06]} 19. Rd6 {[%emt 0:00:04]} Rc8 {[%emt
0:00:04]} 20. Rfd1 {[%emt 0:00:02]} Rc7 {[%emt 0:00:03]} 21. Ne4 {[%emt 0:00:
08]} Rf7 {[%emt 0:00:09]} 22. h4 {[%emt 0:00:01]} g4 {[%emt 0:00:07]} 23. h5 {
[%emt 0:00:01]} Rf5 {[%emt 0:00:12]} 24. Bh4+ {[%emt 0:00:02]} Ke8 {[%emt 0:00:
04]} 25. Rxe6+ {[%emt 0:00:01]} Kf7 {[%emt 0:00:11]} 26. Rg6 {[%emt 0:00:04]}
Nxe5 {[%emt 0:00:02]} 27. Nd6+ {[%emt 0:00:02]} Kf8 {[%emt 0:00:06]} 28. Nxf5 {
[%emt 0:00:01] Time} 1-0

[Event "Villarobledo Online Qualifyer"]
[Site "playchess.com #155672"]
[Date "2009.05.23"]
[Round "8"]
[White "Freuds"]
[Black "Elo 84"]
[Result "0-1"]
[WhiteElo "1491"]
[BlackElo "1666"]
[PlyCount "76"]
[EventDate "2009.05.23"]
[EventType "swiss (blitz)"]

1. e4 {[%emt 0:00:04]} c5 {[%emt 0:00:02]} 2. Nf3 {[%emt 0:00:03]} d6 {[%emt 0:
00:01]} 3. d4 {[%emt 0:00:01]} cxd4 {[%emt 0:00:01]} 4. Nxd4 {[%emt 0:00:01]}
Nf6 {[%emt 0:00:01]} 5. Nc3 {[%emt 0:00:01]} a6 {[%emt 0:00:01]} 6. Be2 {[%emt
0:00:01]} e6 {[%emt 0:00:01]} 7. Be3 {[%emt 0:00:01]} b5 {[%emt 0:00:01]} 8. a3
{[%emt 0:00:02]} Bb7 {[%emt 0:00:01]} 9. Bf3 {[%emt 0:00:02]} e5 {[%emt 0:00:
02]} 10. Nf5 {[%emt 0:00:02]} g6 {[%emt 0:00:01]} 11. Ng3 {[%emt 0:00:06]} Nbd7
{[%emt 0:00:01]} 12. O-O {[%emt 0:00:04]} h5 {[%emt 0:00:01]} 13. h3 {[%emt 0:
00:06]} h4 {[%emt 0:00:01]} 14. Nge2 {[%emt 0:00:02]} Rc8 {[%emt 0:00:03]} 15.
Qd2 {[%emt 0:00:04]} Be7 {[%emt 0:00:03]} 16. Rad1 {[%emt 0:00:03]} Qc7 {[%emt
0:00:03]} 17. Rc1 {[%emt 0:00:07]} Qb8 {[%emt 0:00:01]} 18. Nd1 {[%emt 0:00:23]
} Nxe4 {[%emt 0:00:03]} 19. Bxe4 {[%emt 0:00:02]} Bxe4 {[%emt 0:00:02]} 20.
Nec3 {[%emt 0:00:01]} Bb7 {[%emt 0:00:01]} 21. Bg5 {[%emt 0:00:02]} f6 {[%emt
0:00:04]} 22. Be3 {[%emt 0:00:07]} Qa8 {[%emt 0:00:01]} 23. f3 {[%emt 0:00:02]}
g5 {[%emt 0:00:06]} 24. Qd3 {[%emt 0:00:01]} Kf7 {[%emt 0:00:03]} 25. Nf2 {
[%emt 0:00:04]} Nc5 {[%emt 0:00:10]} 26. Qf5 {[%emt 0:00:08]} d5 {[%emt 0:00:
03]} 27. Ng4 {[%emt 0:00:08]} d4 {[%emt 0:00:01]} 28. Nxe5+ {[%emt 0:00:01]}
Ke8 {[%emt 0:00:12]} 29. Qg6+ {[%emt 0:00:11]} Kd8 {[%emt 0:00:01]} 30. Nf7+ {
[%emt 0:00:03]} Kc7 {[%emt 0:00:01]} 31. Bxd4 {[%emt 0:00:03]} Rhg8 {[%emt 0:
00:05]} 32. Qf5 {[%emt 0:00:04]} Kb6 {[%emt 0:00:03]} 33. b4 {[%emt 0:00:44]}
Rg7 {[%emt 0:00:06]} 34. bxc5+ {[%emt 0:00:03]} Ka5 {[%emt 0:00:12]} 35. Bxf6 {
[%emt 0:00:11]} Rxf7 {[%emt 0:00:03]} 36. Qg4 {[%emt 0:00:10]} Bxc5+ {[%emt 0:
00:10]} 37. Bd4 {[%emt 0:00:11]} Rf4 {[%emt 0:00:01]} 38. Bxc5 {[%emt 0:00:14]}
Rxg4 {[%emt 0:00:11] Freuds abandonne} 0-1

[Event "Villarobledo Online Qualifyer"]
[Site "playchess.com #155672"]
[Date "2009.05.23"]
[Round "8"]
[White "Secondwind"]
[Black "Master--Sim"]
[Result "1-0"]
[WhiteElo "2299"]
[BlackElo "2062"]
[PlyCount "127"]
[EventDate "2009.05.23"]
[EventType "swiss (blitz)"]

1. c4 {[%emt 0:00:02]} d6 {[%emt 0:00:02]} 2. Nc3 {[%emt 0:00:01]} g6 {[%emt 0:
00:00]} 3. g3 {[%emt 0:00:00]} Bg7 {[%emt 0:00:00]} 4. Bg2 {[%emt 0:00:00]} f5
{[%emt 0:00:01]} 5. Nf3 {[%emt 0:00:02]} Nf6 {[%emt 0:00:00]} 6. O-O {[%emt 0:
00:01]} O-O {[%emt 0:00:00]} 7. b4 {[%emt 0:00:01]} e5 {[%emt 0:00:01]} 8. d3 {
[%emt 0:00:07]} Nc6 {[%emt 0:00:02]} 9. b5 {[%emt 0:00:03]} Ne7 {[%emt 0:00:01]
} 10. c5 {[%emt 0:00:15]} h6 {[%emt 0:00:04]} 11. Ba3 {[%emt 0:00:34]} g5 {
[%emt 0:00:02]} 12. Qb3+ {[%emt 0:00:08]} Kh8 {[%emt 0:00:02]} 13. b6 {[%emt 0:
00:03]} axb6 {[%emt 0:00:03]} 14. cxd6 {[%emt 0:00:01]} cxd6 {[%emt 0:00:02]}
15. Nb5 {[%emt 0:00:09]} Ne8 {[%emt 0:00:03]} 16. Rac1 {[%emt 0:00:06]} Nc6 {
[%emt 0:00:04]} 17. Bb2 {[%emt 0:00:11]} d5 {[%emt 0:00:06]} 18. d4 {[%emt 0:
00:06]} e4 {[%emt 0:00:02]} 19. Ne5 {[%emt 0:00:01]} Nxe5 {[%emt 0:00:05]} 20.
dxe5 {[%emt 0:00:01]} Be6 {[%emt 0:00:01]} 21. Nd4 {[%emt 0:00:04]} Qe7 {[%emt
0:00:05]} 22. Rfd1 {[%emt 0:00:21]} Ra6 {[%emt 0:00:06]} 23. Nxe6 {[%emt 0:00:
03]} Qxe6 {[%emt 0:00:02]} 24. Rxd5 {[%emt 0:00:02]} e3 {[%emt 0:00:15]} 25.
fxe3 {[%emt 0:00:12]} f4 {[%emt 0:00:01]} 26. exf4 {[%emt 0:00:03]} gxf4 {
[%emt 0:00:00]} 27. Rd8 {[%emt 0:00:19]} Qxb3 {[%emt 0:00:06]} 28. axb3 {[%emt
0:00:01]} fxg3 {[%emt 0:00:16]} 29. hxg3 {[%emt 0:00:01]} b5 {[%emt 0:00:03]}
30. Rcc8 {[%emt 0:00:02]} Re6 {[%emt 0:00:01]} 31. Bxb7 {[%emt 0:00:06]} Bxe5 {
[%emt 0:00:07]} 32. Bxe5+ {[%emt 0:00:02]} Rxe5 {[%emt 0:00:00]} 33. Bc6 {
[%emt 0:00:01]} Rxe2 {[%emt 0:00:03]} 34. Rxe8 {[%emt 0:00:02]} Rexe8 {[%emt 0:
00:02]} 35. Rxe8 {[%emt 0:00:01]} Rxe8 {[%emt 0:00:01]} 36. Bxe8 {[%emt 0:00:
00]} b4 {[%emt 0:00:00]} 37. Kf2 {[%emt 0:00:02]} Kg7 {[%emt 0:00:01]} 38. g4 {
[%emt 0:00:01]} Kf6 {[%emt 0:00:00]} 39. Ke3 {[%emt 0:00:02]} Ke5 {[%emt 0:00:
01]} 40. Bd7 {[%emt 0:00:01]} Kd6 {[%emt 0:00:01]} 41. Bf5 {[%emt 0:00:01]} Ke5
{[%emt 0:00:01]} 42. Bc8 {[%emt 0:00:02]} Kd6 {[%emt 0:00:01]} 43. Kd4 {[%emt
0:00:01]} Kc6 {[%emt 0:00:01]} 44. Bf5 {[%emt 0:00:01]} Kd6 {[%emt 0:00:01]}
45. Be4 {[%emt 0:00:01]} Ke7 {[%emt 0:00:01]} 46. Kc4 {[%emt 0:00:02]} Kf6 {
[%emt 0:00:00]} 47. Kxb4 {[%emt 0:00:01]} Kg5 {[%emt 0:00:01]} 48. Bf3 {[%emt
0:00:01]} Kf4 {[%emt 0:00:02]} 49. Bd1 {[%emt 0:00:01]} Kg5 {[%emt 0:00:00]}
50. Kc5 {[%emt 0:00:01]} Kf6 {[%emt 0:00:00]} 51. b4 {[%emt 0:00:01]} Kg7 {
[%emt 0:00:00]} 52. b5 {[%emt 0:00:01]} Kg6 {[%emt 0:00:00]} 53. b6 {[%emt 0:
00:01]} h5 {[%emt 0:00:00]} 54. gxh5+ {[%emt 0:00:01]} Kh6 {[%emt 0:00:00]} 55.
b7 {[%emt 0:00:01]} Kg7 {[%emt 0:00:00]} 56. b8=Q {[%emt 0:00:03]} Kh7 {[%emt
0:00:00]} 57. Qg3 {[%emt 0:00:02]} Kh6 {[%emt 0:00:00]} 58. Qf4+ {[%emt 0:00:
01]} Kh7 {[%emt 0:00:01]} 59. Qg5 {[%emt 0:00:01]} Kh8 {[%emt 0:00:01]} 60. Bf3
{[%emt 0:00:02]} Kh7 {[%emt 0:00:01]} 61. Kd6 {[%emt 0:00:01]} Kh8 {[%emt 0:00:
01]} 62. Ke7 {[%emt 0:00:01]} Kh7 {[%emt 0:00:01]} 63. Kf7 {[%emt 0:00:01]} Kh8
{[%emt 0:00:00]} 64. Qg7# {[%emt 0:00:01]} 1-0

[Event "Villarobledo Online Qualifyer"]
[Site "playchess.com #155672"]
[Date "2009.05.23"]
[Round "8"]
[White "Marx"]
[Black "MiguelM"]
[Result "1-0"]
[WhiteElo "1340"]
[BlackElo "1733"]
[PlyCount "89"]
[EventDate "2009.05.23"]
[EventType "swiss (blitz)"]

1. e4 {[%emt 0:00:04]} Nf6 {[%emt 0:00:01]} 2. e5 {[%emt 0:00:03]} Ne4 {[%emt
0:00:01]} 3. Nf3 {[%emt 0:00:02]} d5 {[%emt 0:00:03]} 4. d3 {[%emt 0:00:06]}
Nc5 {[%emt 0:00:01]} 5. b4 {[%emt 0:00:03]} Nca6 {[%emt 0:00:01]} 6. d4 {[%emt
0:00:02]} c6 {[%emt 0:00:02]} 7. c3 {[%emt 0:00:13]} Bg4 {[%emt 0:00:01]} 8.
Be2 {[%emt 0:00:02]} e6 {[%emt 0:00:01]} 9. O-O {[%emt 0:00:02]} Be7 {[%emt 0:
00:02]} 10. h3 {[%emt 0:00:06]} Bh5 {[%emt 0:00:01]} 11. Nbd2 {[%emt 0:00:02]}
O-O {[%emt 0:00:01]} 12. Nb3 {[%emt 0:00:01]} b6 {[%emt 0:00:01]} 13. a4 {
[%emt 0:00:04]} Nc7 {[%emt 0:00:01]} 14. Nh2 {[%emt 0:00:11]} Bxe2 {[%emt 0:00:
02]} 15. Qxe2 {[%emt 0:00:01]} Nd7 {[%emt 0:00:00]} 16. Ng4 {[%emt 0:00:01]} f5
{[%emt 0:00:04]} 17. exf6 {[%emt 0:00:03]} Nxf6 {[%emt 0:00:02]} 18. Nxf6+ {
[%emt 0:00:01]} Bxf6 {[%emt 0:00:01]} 19. Bf4 {[%emt 0:00:09]} Qd7 {[%emt 0:00:
07]} 20. Bxc7 {[%emt 0:00:05]} Qxc7 {[%emt 0:00:02]} 21. Qxe6+ {[%emt 0:00:00]}
Kh8 {[%emt 0:00:03]} 22. Rfe1 {[%emt 0:00:05]} Rae8 {[%emt 0:00:06]} 23. Qg4 {
[%emt 0:00:09]} Rxe1+ {[%emt 0:00:02]} 24. Rxe1 {[%emt 0:00:02]} c5 {[%emt 0:
00:04]} 25. bxc5 {[%emt 0:00:05]} bxc5 {[%emt 0:00:01]} 26. Nxc5 {[%emt 0:00:
01]} Rb8 {[%emt 0:00:29]} 27. Qe6 {[%emt 0:00:18]} h6 {[%emt 0:00:14]} 28. Nd7
{[%emt 0:00:07]} Rg8 {[%emt 0:00:47]} 29. Nxf6 {[%emt 0:00:04]} gxf6 {[%emt 0:
00:01]} 30. Qxf6+ {[%emt 0:00:01]} Kh7 {[%emt 0:00:01]} 31. Re7+ {[%emt 0:00:
02]} Qxe7 {[%emt 0:00:02]} 32. Qxe7+ {[%emt 0:00:02]} Rg7 {[%emt 0:00:00]} 33.
Qe6 {[%emt 0:00:05]} Rg5 {[%emt 0:00:05]} 34. h4 {[%emt 0:00:12]} Rg6 {[%emt 0:
00:13]} 35. Qxd5 {[%emt 0:00:02]} Rb6 {[%emt 0:00:03]} 36. Qf7+ {[%emt 0:00:03]
} Kh8 {[%emt 0:00:01]} 37. Qxa7 {[%emt 0:00:01]} Rb3 {[%emt 0:00:05]} 38. d5 {
[%emt 0:00:05]} Rxc3 {[%emt 0:00:02]} 39. d6 {[%emt 0:00:01]} Rd3 {[%emt 0:00:
03]} 40. d7 {[%emt 0:00:01]} h5 {[%emt 0:00:03]} 41. Qb7 {[%emt 0:00:05]} Rd1+
{[%emt 0:00:05]} 42. Kh2 {[%emt 0:00:02]} Rd2 {[%emt 0:00:01]} 43. a5 {[%emt 0:
00:01]} Rxf2 {[%emt 0:00:02]} 44. a6 {[%emt 0:00:01]} Rf4 {[%emt 0:00:04]} 45.
d8=Q+ {[%emt 0:00:03] MiguelM rinde} 1-0

[Event "Villarobledo Online Qualifyer"]
[Site "playchess.com #155672"]
[Date "2009.05.23"]
[Round "8"]
[White "CubaChessPraxis"]
[Black "Dreistein"]
[Result "1-0"]
[WhiteElo "2130"]
[BlackElo "1897"]
[PlyCount "67"]
[EventDate "2009.05.23"]
[EventType "swiss (blitz)"]

1. d4 {[%emt 0:00:04]} Nf6 {[%emt 0:00:02]} 2. c4 {[%emt 0:00:02]} c5 {[%emt 0:
00:02]} 3. d5 {[%emt 0:00:02]} b5 {[%emt 0:00:01]} 4. Nf3 {[%emt 0:00:02]} bxc4
{[%emt 0:00:02]} 5. Nc3 {[%emt 0:00:02]} g6 {[%emt 0:00:02]} 6. e4 {[%emt 0:00:
01]} d6 {[%emt 0:00:02]} 7. h3 {[%emt 0:00:01]} Ba6 {[%emt 0:00:07]} 8. Be2 {
[%emt 0:00:06]} Bg7 {[%emt 0:00:03]} 9. O-O {[%emt 0:00:02]} O-O {[%emt 0:00:
02]} 10. Nd2 {[%emt 0:00:02]} Nbd7 {[%emt 0:00:11]} 11. Bxc4 {[%emt 0:00:06]}
Bxc4 {[%emt 0:00:04]} 12. Nxc4 {[%emt 0:00:02]} Rb8 {[%emt 0:00:02]} 13. Bd2 {
[%emt 0:00:19]} Ne8 {[%emt 0:00:17]} 14. Na4 {[%emt 0:00:16]} Nb6 {[%emt 0:00:
11]} 15. Naxb6 {[%emt 0:00:36]} axb6 {[%emt 0:00:00]} 16. Qc2 {[%emt 0:00:05]}
b5 {[%emt 0:00:08]} 17. Na5 {[%emt 0:00:02]} Ra8 {[%emt 0:00:07]} 18. Nc6 {
[%emt 0:00:01]} Qc7 {[%emt 0:00:02]} 19. Bc3 {[%emt 0:00:03]} Bxc3 {[%emt 0:00:
17]} 20. Qxc3 {[%emt 0:00:02]} Nf6 {[%emt 0:00:06]} 21. f3 {[%emt 0:00:03]} Ra6
{[%emt 0:00:06]} 22. b4 {[%emt 0:00:04]} c4 {[%emt 0:00:15]} 23. a4 {[%emt 0:
00:02]} Rxa4 {[%emt 0:00:07]} 24. Rxa4 {[%emt 0:00:02]} bxa4 {[%emt 0:00:00]}
25. Qxc4 {[%emt 0:00:01]} Qb6+ {[%emt 0:00:15]} 26. Kh2 {[%emt 0:00:04]} Qc7 {
[%emt 0:00:15]} 27. Rb1 {[%emt 0:00:03]} Re8 {[%emt 0:00:11]} 28. b5 {[%emt 0:
00:04]} e6 {[%emt 0:00:02]} 29. b6 {[%emt 0:00:02]} Qb7 {[%emt 0:00:20]} 30.
Na5 {[%emt 0:00:07]} Qa8 {[%emt 0:00:12]} 31. Qc3 {[%emt 0:00:01]} exd5 {[%emt
0:00:07]} 32. b7 {[%emt 0:00:02]} Qb8 {[%emt 0:00:11]} 33. Qxf6 {[%emt 0:00:03]
} dxe4 {[%emt 0:00:05]} 34. Nc6 {[%emt 0:00:01] Dreistein gibt auf} 1-0

[Event "Villarobledo Online Qualifyer"]
[Site "playchess.com #155672"]
[Date "2009.05.23"]
[Round "8"]
[White "Lacryma"]
[Black "stefanovitch"]
[Result "1/2-1/2"]
[WhiteElo "1824"]
[BlackElo "1671"]
[PlyCount "91"]
[EventDate "2009.05.23"]
[EventType "swiss (blitz)"]

1. e4 {[%emt 0:00:01]} d5 {[%emt 0:00:01]} 2. exd5 {[%emt 0:00:01]} Qxd5 {
[%emt 0:00:01]} 3. Nc3 {[%emt 0:00:04]} Qd6 {[%emt 0:00:01]} 4. d4 {[%emt 0:00:
29]} Nf6 {[%emt 0:00:05]} 5. Bd3 {[%emt 0:00:10]} Bg4 {[%emt 0:00:03]} 6. Nge2
{[%emt 0:00:07]} e6 {[%emt 0:00:11]} 7. Be3 {[%emt 0:00:01]} Be7 {[%emt 0:00:
02]} 8. h3 {[%emt 0:00:02]} Bh5 {[%emt 0:00:03]} 9. O-O {[%emt 0:00:05]} c6 {
[%emt 0:00:03]} 10. Ne4 {[%emt 0:00:01]} Nxe4 {[%emt 0:00:07]} 11. Bxe4 {[%emt
0:00:01]} Nd7 {[%emt 0:00:03]} 12. c3 {[%emt 0:00:16]} Nf6 {[%emt 0:00:02]} 13.
Bc2 {[%emt 0:00:05]} O-O {[%emt 0:00:05]} 14. Qd2 {[%emt 0:00:01]} Bxe2 {[%emt
0:00:02]} 15. Qxe2 {[%emt 0:00:01]} Nd5 {[%emt 0:00:03]} 16. Rfe1 {[%emt 0:00:
09]} Nxe3 {[%emt 0:00:02]} 17. Qxe3 {[%emt 0:00:01]} Bf6 {[%emt 0:00:11]} 18.
Qe4 {[%emt 0:00:02]} g6 {[%emt 0:00:02]} 19. h4 {[%emt 0:00:03]} Qd5 {[%emt 0:
00:07]} 20. Qxd5 {[%emt 0:00:04]} cxd5 {[%emt 0:00:03]} 21. g3 {[%emt 0:00:03]}
h5 {[%emt 0:00:06]} 22. Kg2 {[%emt 0:00:02]} a6 {[%emt 0:00:05]} 23. a3 {[%emt
0:00:02]} b5 {[%emt 0:00:02]} 24. f3 {[%emt 0:00:05]} Rfc8 {[%emt 0:00:07]} 25.
Bd3 {[%emt 0:00:07]} Kf8 {[%emt 0:00:09]} 26. Kh3 {[%emt 0:00:01]} Re8 {[%emt
0:00:06]} 27. g4 {[%emt 0:00:01]} hxg4+ {[%emt 0:00:03]} 28. fxg4 {[%emt 0:00:
01]} e5 {[%emt 0:00:09]} 29. dxe5 {[%emt 0:00:01]} Rxe5 {[%emt 0:00:02]} 30.
Rxe5 {[%emt 0:00:03]} Bxe5 {[%emt 0:00:01]} 31. Re1 {[%emt 0:00:07]} Re8 {
[%emt 0:00:01]} 32. h5 {[%emt 0:00:06]} g5 {[%emt 0:00:04]} 33. Re2 {[%emt 0:
00:05]} Bf4 {[%emt 0:00:10]} 34. Rxe8+ {[%emt 0:00:04]} Kxe8 {[%emt 0:00:01]}
35. h6 {[%emt 0:00:03]} Kf8 {[%emt 0:00:09]} 36. h7 {[%emt 0:00:04]} Kg7 {
[%emt 0:00:04]} 37. Kg2 {[%emt 0:00:01]} Bc1 {[%emt 0:00:05]} 38. a4 {[%emt 0:
00:08]} Bxb2 {[%emt 0:00:09]} 39. axb5 {[%emt 0:00:02]} axb5 {[%emt 0:00:01]}
40. Kf3 {[%emt 0:00:04]} Bxc3 {[%emt 0:00:04]} 41. Ke2 {[%emt 0:00:01]} b4 {
[%emt 0:00:02]} 42. Kd1 {[%emt 0:00:01]} d4 {[%emt 0:00:02]} 43. Kc2 {[%emt 0:
00:01]} f6 {[%emt 0:00:15]} 44. Kb3 {[%emt 0:00:01]} Kh8 {[%emt 0:00:08]} 45.
Kc4 {[%emt 0:00:02]} Kg7 {[%emt 0:00:03] Lacryma bietet Remis} 46. Kb3 {[%emt
0:00:03]} 1/2-1/2